| 000 | 00508nas a2200193 a 4500 | ||
|---|---|---|---|
| 001 | 4524 | ||
| 003 | CDMR | ||
| 005 | 20131015113740.0 | ||
| 008 | 130130u1963||||s a||||||||||||||||s |d | ||
| 040 |
_aCDMR _bcat _cCDMR |
||
| 245 | 0 | _aEspaña en su prensa | |
| 260 |
_aMadrid _c1963- _bServicio Informativo Español |
||
| 300 | _bil. b/n | ||
| 490 | 0 | _aDocumentos Informativos | |
| 650 | 0 | 4 |
_93246 _aEspanya _xPolítica |
| 650 | 0 | 4 |
_94072 _aHistòria social |
| 650 | 0 | 4 |
_94071 _aEspanya _vAnuaris |
| 942 |
_cMON _2udc |
||
| 999 |
_c4524 _d4524 |
||